000 00259nam a22001217a 4500
008 180201b xxu||||| |||| 00| 0 eng d
041 _aeng
080 _a34
100 _a14
101 _aJUR
245 _aCorpus juris secundum
_cLudes,F.J
942 _2udc
_cBK
999 _c41440
_d41440